BIBLIOTECA PODER JUDICIAL
Portal Judicial TDF

Dimensión colectiva del derecho del consumidor / (Registro nro. 6371)

000 -LEADER
fixed length control field 01648nab a22002537a 4500
003 - CONTROL NUMBER IDENTIFIER
control field OSt
005 - DATE AND TIME OF LATEST TRANSACTION
control field 20260131211136.0
008 - FIXED-LENGTH DATA ELEMENTS--GENERAL INFORMATION
fixed length control field 190603e xxum|||| |||| 00| 0 spa d
040 ## - CATALOGING SOURCE
Transcribing agency PJ
100 ## - MAIN ENTRY--PERSONAL NAME
9 (RLIN) 5502
Personal name Barocelli, Sergio Sebastián
245 10 - TITLE STATEMENT
Title Dimensión colectiva del derecho del consumidor /
Statement of responsibility, etc Sergio Sebastián Barocelli.
260 ## - PUBLICATION, DISTRIBUTION, ETC. (IMPRINT)
Date of publication, distribution, etc Ciudad Autónoma de Buenos Aires :
Place of publication, distribution, etc Thomson Reuters La Ley,
Name of publisher, distributor, etc 2025.
300 ## - PHYSICAL DESCRIPTION
Extent p. 297-308
500 ## - GENERAL NOTE
General note Cita: TR LALEY AR/DOC/2862/2025 <br/>Publicado en: RCCyC 2025 (Diciembre).
505 ## - FORMATTED CONTENTS NOTE
Formatted contents note Sumario: I. Introducción.— II. Dimensión colectiva de la categoría jurídica "relación de consumo".— III. Dimensión colectiva del concepto de consumidor.— IV. Dimensión colectiva de la hipervulnerabilidad.— V. Dimensión colectiva del concepto de proveedor.— VI. Visibilización de una dimensión colectiva del orden público.— VII. Dimensión colectiva de los derechos de los consumidores.— VIII. Dimensión colectiva de las prácticas y cláusulas comerciales.— IX. Dimensión colectiva de las herramientas de tutela y mecanismos de implementación de los derechos de los consumidores.— X. A modo de conclusión.
505 ## - FORMATTED CONTENTS NOTE
Title ¿Te interesa el texto completo? Solicitalo al correo: koha@justierradelfuego.gov.ar
650 #0 - SUBJECT ADDED ENTRY--TOPICAL TERM
Topical term or geographic name as entry element DEFENSA DEL CONSUMIDOR
9 (RLIN) 2597
650 #0 - SUBJECT ADDED ENTRY--TOPICAL TERM
Topical term or geographic name as entry element DERECHOS DEL CONSUMIDOR
9 (RLIN) 2608
650 #0 - SUBJECT ADDED ENTRY--TOPICAL TERM
Topical term or geographic name as entry element ORDEN PUBLICO
9 (RLIN) 716
650 #0 - SUBJECT ADDED ENTRY--TOPICAL TERM
Topical term or geographic name as entry element DAÑO PUNITIVO
9 (RLIN) 6424
650 #0 - SUBJECT ADDED ENTRY--TOPICAL TERM
Topical term or geographic name as entry element ACCION PREVENTIVA
773 0# - HOST ITEM ENTRY
Host Biblionumber 2713
Host Itemnumber 3170
Place, publisher, and date of publication Ciudad Autónoma de Buenos Aires : Thomson Reuters La Ley, 2015-
Title Revista Código Civil y Comercial. Nº 6 - Diciembre 2025
942 ## - ADDED ENTRY ELEMENTS (KOHA)
Source of classification or shelving scheme
Koha item type Analítica Artículo de Revista

No hay ítems disponibles.

12 de Octubre 789 Ushuaia - Tel:  54(02901)441571
Horario de Atención: 8.00 a 17.00 hs. 
bibliotecaush@justierradelfuego.gov.ar
koha@justierradelfuego.gov.ar
Seguinos en nuestras redes @bibliojustdf 

Con tecnología Koha